000 00943nam a22003258i 4500
999 _c1108
_d1108
001 020853975
003 UkOxU
005 20211008091151.0
008 160829s2016 enka 000|0|eng|d
015 _aGBB6C4771
_2bnb
016 7 _a018001217
_2Uk
020 _a9781784722913 (hbk.) :
035 _a(Uk)018001217
040 _aStDuBDS
_beng
_erda
_cStDuBDS
082 0 4 _a781.66 HAR
_223
100 1 0 _aHarper, Nick,
_eauthor.
245 1 0 _aMarshall - the book of loud /
_cNick Harper.
246 3 0 _aBook of loud
263 _a201609
264 1 _aLondon :
_bMitchell Beazley,
_c2016.
300 _a1 volume :
_billustrations ;
_c21 cm
336 _atext
_2rdacontent
336 _astill image
_2rdacontent
337 _aunmediated
_2rdamedia
338 _avolume
_2rdacarrier
650 0 _aRock music
_vMiscellanea.
650 0 _aRock groups
_vMiscellanea.
710 2 _aMarshall Amplification plc.
_eContributor
942 _2ddc
_cNFIC